| 000 | 00882cam a22002655i 4500 | ||
|---|---|---|---|
| 999 |
_c17821 _d17793 |
||
| 003 | EG-ScBUE | ||
| 005 | 20210121141838.0 | ||
| 008 | 131210s2013 ua a g 000 j ara d | ||
| 017 | _a2013 / 7193 | ||
| 020 | _a9789776426146 | ||
| 040 |
_aEG-ScBUE _bara _erda _cEG-ScBUE _dEG-ScBUE |
||
| 082 | 0 | 4 |
_a892.737 _bهـ ش ا _222 |
| 100 | 1 |
_aهشام، علي، _d1997- _eمؤلف. |
|
| 245 | 1 | 0 |
_aنقل عام / _cعلي هشام. |
| 250 | _aالطبعة الأولى. | ||
| 264 | 1 |
_aالجيزة، مصر : _bدار دون للنشر والتوزيع، _c2013. |
|
| 300 |
_a168 صفحة ؛ _c20 سم |
||
| 336 |
_aنص _btxt _2rdacontent |
||
| 337 |
_aبدون وسيط _bn _2rdamedia |
||
| 338 |
_aمجلد _bnc _2rdacarrier |
||
| 650 | 7 |
_aالقصص العربية القصيرة _yقرن 21. _2BUEsh |
|
| 651 | _2BUEsh | ||
| 653 |
_bARALIT _bGGEN _cDecember2013 |
||
| 942 |
_2ddc _cBB |
||